000 00767nam a2200241Ia 4500
001 dia_4235
003 CHAP
005 20251029171445.0
008 220117s1989 xx 000 0 und d
010 _a174878
040 _cCHAP
_amxchpua
_erda
090 _aFolleto 2737
100 _aSecretaría de agricultura y recursos hidráulicos. México
245 _aGuía para cultivar soya de temporal en la costa de Nayarit /
_c SARH
260 _aMéxico :
_b SARH, Instituto nacional de investigaciones agrícolas,
_c1989
300 _a24 p.
500 _aD. (Folleto para productores, 3)
650 _aSoya
_9109013
901 _aFOLLETO 2737
902 _aM
905 _a0000001989 mx 0000000000spa00
942 _cFOLL
_2local
999 _c174878
_d174878